000 00614nam a22001817a 4500
003 UA-OsUOA
001 15069
007 ta
008 20031029b un ||||| |||| 00| 0 ukr d
100 _aВальчук П.
942 _cSA
040 _aUA-OsUOA
_cUA-OsUOA
_dUA-OsUOA
245 _aМами чужих людей
_b[Про вихователів та педагогів Остроз. спеціаліз. допоміж. школи-інтернату]
300 _aС.2
955 _a0
773 0 _w0
_tСім днів
_dРівне
_d2003
_g№39/26 верес./
650 7 _aКраєзнавча робота
_2UDC
999 _c301234
_d301234